书目信息 |
| 题名: |
数学分析习题演练
|
|
| 作者: | 周民强 编著 | |
| 分册: | 第一册 | |
| 出版信息: | 北京 科学出版社 2006.07 |
|
| 页数: | 353页 | |
| 开本: | 24cm | |
| 丛书名: | ||
| 单 册: | ||
| 中图分类: | O17 | |
| 科图分类: | ||
| 主题词: | 数学分析--shu xue fen xi--高等学校--教学参考资料 | |
| 电子资源: | ||
| ISBN: | 7-03-016950-6 | |
| 000 | 00736nam0 2200217 450 | |
| 001 | 012006076192 | |
| 005 | 20061127151829.09 | |
| 010 | @a7-03-016950-6@dCNY29.00 | |
| 100 | @a20061027d2006 km y0chiy0120 ea | |
| 101 | 0 | @achi |
| 102 | @aCN@b110000 | |
| 105 | @ay z 000yy | |
| 200 | 1 | @a数学分析习题演练@Ashu xue fen xi xi ti yan lian@h第一册@f周民强编著@Fzhou min qiang bian zhu |
| 210 | @a北京@c科学出版社@d2006.07 | |
| 215 | @a353页@d24cm | |
| 330 | @a全书共分为两册,其中第一册分为6章:实数与函数,极限论,连续函数,微分学(一),微分学(二),不定积分。 | |
| 606 | 0 | @a数学分析@Ashu xue fen xi@x高等学校@j教学参考资料 |
| 690 | @aO17@v4 | |
| 701 | 0 | @a周民强@Azhou min qiang@4编著 |
| 801 | 0 | @aCN@c20061127 |
| 905 | @a10447@dO17@eZ785:1 | |
| 数学分析习题演练.第一册/周民强编著.-北京:科学出版社,2006.07 |
| 353页;24cm |
| ISBN 7-03-016950-6:CNY29.00 |
| 全书共分为两册,其中第一册分为6章:实数与函数,极限论,连续函数,微分学(一),微分学(二),不定积分。 |
| ● |
| 相关链接 |
|
|
|
正题名:数学分析习题演练
索取号:O17/Z785:1
 
预约/预借
| 序号 | 登录号 | 条形码 | 馆藏地/架位号 | 状态 | 备注 |
| 1 | 224028 | 202240280 | 自科库401/401自科库 43排5列2层/ [索取号:O17/Z785:1] | 在馆 | |
| 2 | 224029 | 202240299 | 自科库401/401自科库 43排5列2层/ [索取号:O17/Z785:1] | 在馆 | |
| 3 | 224030 | 202240306 | 自科库401/401自科库 43排5列2层/ [索取号:O17/Z785:1] | 在馆 |